Riel: a life of revolution
Shranjeno v:
| Glavni avtor: | |
|---|---|
| Format: | Knjiga |
| Jezik: | angleščina |
| Izdano: |
Toronto
Harper Perennial
1994
|
| Izdaja: | 1a. ed |
| Serija: | Rincón Canadá
|
| Teme: | |
| Oznake: |
Označite
Brez oznak, prvi označite!
|
MARC
| LEADER | 00000cam a2200000 a 4500 | ||
|---|---|---|---|
| 001 | UCE3664 | ||
| 003 | CL-VaPUC | ||
| 008 | 140911e19940000cn |||||||||||||||||eng|d | ||
| 020 | |a 9780006394730 | ||
| 082 | 0 | 4 | |a 923.2 |b SIG |2 21 |
| 100 | 0 | |a Siggins, Maggie |e author |9 576126 | |
| 245 | 1 | 0 | |a Riel: a life of revolution |
| 250 | |a 1a. ed | ||
| 300 | |a 507 p | ||
| 942 | |c BK | ||
| 945 | |d 20140911 14:25:00 |a arojas | ||
| 260 | |a Toronto |b Harper Perennial |c 1994 | ||
| 650 | 0 | |a Biografías |9 255210 | |
| 650 | 0 | |a Líderes políticos |9 477536 | |
| 650 | 7 | |a HISTORIA DE CANADA |2 CL-VaPUC |9 446304 | |
| 651 | 7 | |a CANADA |2 CL-VaPUC |9 576127 | |
| 583 | |a last modification |c 20140911 14:25:00 |k Rodrigo Vera | ||
| 490 | 0 | |a Rincón Canadá | |
| 999 | |c 356851 |d 356849 | ||
| 952 | |0 0 |1 0 |3 erb |4 0 |6 923_200000000000000_SIG_1994 |7 0 |8 A |9 464608 |a BIBHIS |b BIBHIS |i 5114217 |o 923.2 SIG 1994 |p 5114217 |r 2025-01-20 |w 2019-11-23 |y BK |z Catalogado en:20140911 |k HIS | ||